00594nam a2200169Ia 4500952013900000999001700139003000400156005001700160008004100177040000900218082002100227100002300248245005300271260004300324300000900367942004800376 00102ddc40708HISTORYaMESbMEScHISd2019-02-20l2o954.83024 NAM/Kp4241r2024-03-14 12:36:43s2024-03-12w2019-02-20yBKzGL34R3 c18930d18930OSt20200629102719.0190216s9999||||xx |||||||||||||| ||und|| coclc a954.83024bNAM/K aNambiar, O K93295 4aThe Kunjalis Admirals Of Calicut /c O K Nambiar bAsia Publishing House,c1963.aBombay: a155p cBK2ddch954.83024iNAM/Kk954.83024mNAM/K